banner-ar

الادب والاديولوجيا فى سورية 1967 - 1973 / (Record no. 37554)

MARC details
000 -الفاتح
حقل البيانات ثابتة الطول 00596nam a2200205Ia 4500
005 - وقت وتاريخ اخر تعامل مع التسجيلة
رقم الضبط 20240530103214.0
008 - عناصر البيانات ثابتة الطول - معلومات عامة
حقل البيانات ثابتة الطول 140319s9999 xx 000 0 ara d
040 ## - مصدر الفهرسة
وكالة الفهرسة الأصلية GCL /
وكالة النسخ GCL
082 04 - رقم تصنيف ديوى العشرى
رقم التصنيف 810.99565
رقم المادة ن ا
100 1# - المدخل الرئيسى - إسم شخصى
الإسم الشخصى نبيل سليمان
245 10 - بيان العنوان
العنوان الادب والاديولوجيا فى سورية 1967 - 1973 /
بيان المسئوليه,etc نبيل سليمان
300 ## - الوصف المادى
التعداد 399 ص
650 04 - المدخل الاضافى بالموضوع-مصطلح موضوعى
مصطلح موضوعي الادب العربى
650 04 - المدخل الاضافى بالموضوع-مصطلح موضوعى
مصطلح موضوعي سوريا
650 04 - المدخل الاضافى بالموضوع-مصطلح موضوعى
مصطلح موضوعي الثقافة العربية
650 04 - المدخل الاضافى بالموضوع-مصطلح موضوعى
مصطلح موضوعي تاريخ ونقد
700 1# - المدخل الاضافى - اسم شخصى
الإسم الشخصى بو على ياسين
942 ## - عناصر المدخل الإضافي( كوها)
مصدر التصنيف او مخطط الترفيف Dewey Decimal Classification
Koha [default] item type كتاب
Holdings
حالة التراجع حالة الفقد حالة تلف ليس للاعارة المكان المؤقت الموقع الحالى تاريخ الاكتساب اجمالي اﻻعارات رقم الطلب الباركود تاريخ اخر مشاهدة تاريخ تفعيل السعر نوع وعاء كوها
        مكتبة القاهرة الكبرى مكتبة القاهرة الكبرى 03/26/2014   810.99565\ن ا 91678 03/26/2014 03/26/2014 كتاب
        مكتبة القاهرة الكبرى مكتبة القاهرة الكبرى 03/26/2014   810.99565\ن ا 91679 03/26/2014 03/26/2014 كتاب

Powered By

EGPV